|
|
|
|
| LEADER |
00000nab a2200000 a 4500 |
| 001 |
vtls000699186 |
| 003 |
SK-MaSNL |
| 005 |
20260302181234.0 |
| 008 |
160414s1998 xo 0 slo |
| 015 |
|
|
|a SNBRH1999/01-01738
|
| 035 |
|
|
|a CLN000051353
|
| 040 |
|
|
|a SNKBUCL
|b slo
|c SNKBUCL
|e AACR2
|
| 041 |
0 |
|
|a slo
|
| 044 |
|
|
|a xo
|c SK
|
| 080 |
|
|
|a 784.4.087.67
|2 1997
|
| 245 |
0 |
0 |
|a Na Kráľovej holi
|h hudobnina
|
| 650 |
0 |
7 |
|a vokálna tvorba
|x piesne zľudovelé
|x spev
|2 snkbucl
|9 891537
|
| 650 |
0 |
7 |
|a piesne zľudovelé
|x spev
|2 snkbucl
|9 891538
|
| 773 |
0 |
|
|w SK01SNK19990307569
|z 8096724452
|t Slovenské mamičky a iné pesničky
|d Bratislava : Prima Art, 1998
|g S. 91
|
| 850 |
|
|
|a Slovenská národná knižnica v Martine
|
| 852 |
|
|
|a SNK
|b KIS3GCP
|
| 924 |
|
|
|a spev
|
| 958 |
|
|
|a TL
|
| 958 |
|
|
|a RZH
|
| 999 |
|
|
|c 1413402
|d 1415332
|